[Event "4NCL 2014-15"]
[Site "Hinckley Island ENG"]
[Date "2014.11.15"]
[Round "1.111"]
[White "Speelman, Jon S"]
[Black "Lawton, Geoff W"]
[Result "1-0"]
[WhiteTitle "GM"]
[BlackTitle "IM"]
[WhiteElo "2501"]
[BlackElo "2389"]
[WhiteTeam "Wood Green HK"]
[BlackTeam "Warwickshire Select 1"]
[WhiteFideId "400033"]
[BlackFideId "400483"]
[EventDate "2014.11.15"]

1. Nf3 Nf6 2. c4 g6 3. Nc3 Bg7 4. d4 O-O 5. Bg5 d6 6. e3 c5 7. d5 h6 8. Bh4 g5
9. Bg3 Nh5 10. Be2 f5 11. O-O Nd7 12. Qc2 Ndf6 13. Bd3 Ng4 14. Rad1 Bd7 15. Ne2
Qc8 16. h3 Nxg3 17. Nxg3 Ne5 18. Nxe5 Bxe5 19. f4 gxf4 20. exf4 Bd4+ 21. Kh2 Rb8
22. Rde1 Rf7 23. Re2 Qf8 24. Rfe1 Re8 25. Re6 Bxe6 26. dxe6 Rf6 27. Nh5 Kh8 28.
g3 Qg8 29. Nxf6 Bxf6 30. Bxf5 Qg7 31. Re2 Rg8 32. Rg2 Bd4 33. Qe2 Qf6 34. Bd3
Rb8 35. Qe4 1-0

[Event "4NCL 2014-15"]
[Site "Hinckley Island ENG"]
[Date "2014.11.15"]
[Round "1.112"]
[White "Thomas, Nicholas"]
[Black "Greet, Andrew N"]
[Result "0-1"]
[WhiteTitle "FM"]
[BlackTitle "IM"]
[WhiteElo "2268"]
[BlackElo "2454"]
[WhiteTeam "Warwickshire Select 1"]
[BlackTeam "Wood Green HK"]
[WhiteFideId "402117"]
[BlackFideId "405817"]
[EventDate "2014.11.15"]

1. e4 e6 2. d4 d5 3. Nd2 c5 4. exd5 Qxd5 5. Ngf3 cxd4 6. Bc4 Qd6 7. O-O Nf6 8.
Nb3 Nc6 9. Nbxd4 Nxd4 10. Nxd4 Be7 11. Nb5 Qc6 12. Qe2 O-O 13. Bf4 a6 14. Nd4
Qc5 15. Rad1 b5 16. Bb3 Nd5 17. Be5 Bb7 18. Rd3 Rad8 19. Rfd1 Rfe8 20. c3 Bf8
21. Rh3 g6 22. Bc2 Bg7 23. Bb3 Nxc3 24. Rxc3 Qxe5 25. Qxe5 Bxe5 26. Rcd3 Rd6 27.
Ne2 Rxd3 28. Rxd3 Bxb2 29. Rd7 Bc8 30. Rd2 Be5 31. a4 Kf8 32. axb5 axb5 33. Nd4
Bxd4 34. Rxd4 Ke7 35. Rb4 Bd7 36. h4 Rc8 37. Kh2 Rc1 38. Rd4 Rc3 39. Rb4 h5 40.
f3 Bc6 41. Kg3 Kd6 42. Bd1 Kc5 0-1

[Event "4NCL 2014-15"]
[Site "Hinckley Island ENG"]
[Date "2014.11.15"]
[Round "1.113"]
[White "Shaw, John"]
[Black "Pitcher, John"]
[Result "1-0"]
[WhiteTitle "GM"]
[WhiteElo "2430"]
[BlackElo "2232"]
[WhiteTeam "Wood Green HK"]
[BlackTeam "Warwickshire Select 1"]
[WhiteFideId "2400553"]
[BlackFideId "411485"]
[EventDate "2014.11.15"]

1. e4 c5 2. Nf3 e6 3. b3 b6 4. Bb2 Bb7 5. Qe2 Qc7 6. Nc3 a6 7. O-O-O Nc6 8. Kb1
Nge7 9. d4 cxd4 10. Nxd4 Nxd4 11. Rxd4 Ng6 12. g3 Be7 13. f4 b5 14. Bg2 d6 15.
Rhd1 O-O 16. h4 e5 17. Nd5 Bxd5 18. Rxd5 exf4 19. e5 Rad8 20. exd6 Rxd6 21. h5
Re6 22. Qd2 f3 23. hxg6 fxg2 24. gxh7+ Kh8 25. Qxg2 Bf6 26. Rd7 Qc5 27. Bxf6
Rxf6 28. Qe4 Re6 29. Qf4 Qh5 30. g4 Qe5 31. Qxe5 Rxe5 32. Rf1 f6 33. Ra7 Kxh7
34. Rxa6 Kg6 35. a4 bxa4 36. Rxa4 Rfe8 37. Kb2 Kg5 38. Rff4 g6 39. Rad4 R8e6 40.
b4 Kh4 41. Kb3 Kg3 42. c4 f5 43. gxf5 gxf5 44. Rf1 Re4 45. Rd3+ Kg4 46. Rg1+ Kf4
47. b5 Re2 48. Rf1+ Ke4 49. Rdf3 Rf6 50. Rf4+ Ke5 51. c5 Re3+ 52. Kc4 Re2 53. c6
Rc2+ 54. Kb3 Rc5 55. Kb4 Rc2 56. R4f2 Rxf2 57. Rxf2 Kd6 58. Rd2+ 1-0

[Event "4NCL 2014-15"]
[Site "Hinckley Island ENG"]
[Date "2014.11.15"]
[Round "1.114"]
[White "Mason, Donald J"]
[Black "Houska, Jovanka"]
[Result "1/2-1/2"]
[BlackTitle "IM"]
[WhiteElo "2138"]
[BlackElo "2388"]
[WhiteTeam "Warwickshire Select 1"]
[BlackTeam "Wood Green HK"]
[WhiteFideId "405116"]
[BlackFideId "405094"]
[EventDate "2014.11.15"]

1. d4 d5 2. c4 e6 3. Nf3 Nf6 4. Nc3 Be7 5. Bg5 O-O 6. e3 Nbd7 7. Rc1 dxc4 8.
Bxc4 a6 9. O-O b5 10. Bd3 c5 11. Qe2 Bb7 12. Rfd1 cxd4 13. exd4 Nb6 14. Bxf6
Bxf6 15. Ne5 Rc8 16. Ne4 Rxc1 17. Rxc1 Be7 18. Nc5 Bxc5 19. dxc5 Qg5 20. f4 Qxf4
21. Rc2 Qd4+ 22. Kh1 Nd5 23. Qe4 Qxe4 24. Bxe4 f6 25. Nd3 Rd8 26. h3 Kf7 27. c6
Bc8 28. c7 Rd7 29. Bxd5 Rxd5 30. Nb4 Rd6 31. Nc6 Ke8 32. Kg1 Kd7 33. Nb8+ Ke8
34. Nc6 e5 35. Kf2 Kd7 36. Nb8+ Ke6 37. Nc6 h5 38. h4 g6 39. Ke3 Kd7 40. Nb8+
Ke6 41. Nc6 f5 42. g3 e4 43. Rc3 Rd3+ 44. Rxd3 exd3 45. Nb4 f4+ 46. gxf4 1/2-1/2

[Event "4NCL 2014-15"]
[Site "Hinckley Island ENG"]
[Date "2014.11.15"]
[Round "1.115"]
[White "Pein, Malcolm"]
[Black "James, Ann-Marie"]
[Result "1-0"]
[WhiteTitle "IM"]
[BlackTitle "WFM"]
[WhiteElo "2344"]
[BlackElo "2068"]
[WhiteTeam "Wood Green HK"]
[BlackTeam "Warwickshire Select 1"]
[WhiteFideId "400289"]
[BlackFideId "403644"]
[EventDate "2014.11.15"]

1. Nf3 Nf6 2. c4 e6 3. g3 d5 4. Bg2 Be7 5. O-O O-O 6. d4 dxc4 7. Na3 c5 8. dxc5
Bxc5 9. Nxc4 Nc6 10. Qc2 Qe7 11. a3 a5 12. b3 Nd4 13. Nxd4 Bxd4 14. Bb2 Bxb2 15.
Qxb2 Ra7 16. Qe5 Nd7 17. Qd6 Qg5 18. Rac1 Qc5 19. Qxc5 Nxc5 20. Nb6 1-0

[Event "4NCL 2014-15"]
[Site "Hinckley Island ENG"]
[Date "2014.11.15"]
[Round "1.116"]
[White "Stepanyan, Henrik"]
[Black "Hegarty, Sarah N"]
[Result "1-0"]
[BlackTitle "WFM"]
[WhiteElo "2042"]
[BlackElo "2078"]
[WhiteTeam "Warwickshire Select 1"]
[BlackTeam "Wood Green HK"]
[WhiteFideId "401030"]
[BlackFideId "2501465"]
[EventDate "2014.11.15"]

1. d4 Nf6 2. c4 g6 3. Nc3 d5 4. cxd5 Nxd5 5. Bd2 Bg7 6. e4 Nxc3 7. Bxc3 c5 8. d5
O-O 9. Qd2 Bxc3 10. Qxc3 Qb6 11. Nf3 Qb4 12. Qxb4 cxb4 13. Bc4 Nd7 14. O-O Nb6
15. Rac1 Bd7 16. Ne5 Rfc8 17. Be2 h5 18. f4 Be8 19. b3 Kg7 20. h3 a5 21. Kf2 Nd7
22. Ke3 Nc5 23. Nc4 Nd7 24. Kd4 b6 25. e5 Rcb8 26. f5 a4 27. Bd1 axb3 28. Bxb3
Nc5 29. f6+ Kf8 30. fxe7+ Kxe7 31. Rf6 Nd7 32. Rf3 Rc8 33. Rcf1 Ra7 34. Nd6 Rc3
35. Rxc3 bxc3 36. Nc8+ 1-0

[Event "4NCL 2014-15"]
[Site "Hinckley Island ENG"]
[Date "2014.11.15"]
[Round "1.117"]
[White "Hagesather, Arne"]
[Black "Lam, Paul G M"]
[Result "0-1"]
[WhiteElo "2072"]
[BlackElo "2123"]
[WhiteTeam "Wood Green HK"]
[BlackTeam "Warwickshire Select 1"]
[WhiteFideId "1502476"]
[BlackFideId "411566"]
[EventDate "2014.11.15"]

1. e4 Nc6 2. Nf3 d6 3. d4 Nf6 4. Nc3 Bg4 5. Be3 a6 6. h3 Bh5 7. a3 e6 8. g4 Bg6
9. Nd2 d5 10. e5 Nd7 11. f4 Be7 12. Qf3 Bxc2 13. Rc1 Bh4+ 14. Ke2 Bg6 15. Nxd5
O-O 16. Bg2 f6 17. Rxc6 bxc6 18. Nb4 fxe5 19. Nxc6 Qe8 20. dxe5 Nb6 21. Bc5 Nd5
22. Bxf8 Qxc6 23. Bb4 Nxf4+ 0-1

[Event "4NCL 2014-15"]
[Site "Hinckley Island ENG"]
[Date "2014.11.15"]
[Round "1.118"]
[White "Fallowfield, Jeremy R"]
[Black "Pein, Jonathan"]
[Result "1-0"]
[WhiteElo "2047"]
[BlackElo "1749"]
[WhiteTeam "Warwickshire Select 1"]
[BlackTeam "Wood Green HK"]
[WhiteFideId "405450"]
[BlackFideId "417092"]
[EventDate "2014.11.15"]

1. d4 Nf6 2. c4 g6 3. Nc3 Bg7 4. e4 d6 5. f3 O-O 6. Be3 e5 7. Nge2 c6 8. Qd2
Nbd7 9. d5 cxd5 10. cxd5 a6 11. g4 b5 12. Ng3 Nb6 13. h4 Nfd7 14. Qh2 Re8 15. h5
Nf8 16. Bd3 Bf6 17. Bh6 Ra7 18. Qd2 Qe7 19. O-O-O Nfd7 20. Rdg1 Rc7 21. Kb1 Nc5
22. Bf1 b4 23. Nd1 Bd7 24. Nf5 Bxf5 25. gxf5 g5 26. Ne3 Rec8 27. Be2 Nba4 28.
Ng4 Bh8 29. f6 1-0

[Event "4NCL 2014-15"]
[Site "Hinckley Island ENG"]
[Date "2014.11.15"]
[Round "1.121"]
[White "Richardson, John R"]
[Black "Turner, Matthew J"]
[Result "0-1"]
[WhiteTitle "FM"]
[BlackTitle "GM"]
[WhiteElo "2334"]
[BlackElo "2485"]
[WhiteTeam "The AD's"]
[BlackTeam "Barbican 4NCL 1"]
[WhiteFideId "401617"]
[BlackFideId "402893"]
[EventDate "2014.11.15"]

1. c4 Nf6 2. d4 g6 3. g3 Bg7 4. Bg2 O-O 5. Nc3 d6 6. Nf3 Nbd7 7. O-O e5 8. e4
exd4 9. Nxd4 Re8 10. h3 a6 11. Re1 Ne5 12. Bf1 c5 13. Nf3 Nxf3+ 14. Qxf3 Nd7 15.
Qg2 Ne5 16. f4 Nc6 17. Be3 f5 18. Bf2 Nd4 19. exf5 Bxf5 20. Rxe8+ Qxe8 21. Re1
Qf7 22. Ne4 Qc7 23. Ng5 Qc6 24. Re7 h6 25. Rxb7 Qxg2+ 26. Bxg2 hxg5 27. Rxg7+
Kxg7 28. Bxa8 Ne2+ 29. Kf1 Nc1 30. a3 gxf4 31. b4 Bd3+ 32. Kg2 cxb4 33. Bd4+ Kf8
34. axb4 Bxc4 35. Be4 fxg3 36. Bxg6 Bd5+ 37. Kxg3 Ne2+ 38. Kg4 Nxd4 39. Bd3 Bb7
40. Kf4 Kg7 41. Ke3 Nb5 42. h4 Kf6 43. Bf1 Kg6 0-1

[Event "4NCL 2014-15"]
[Site "Hinckley Island ENG"]
[Date "2014.11.15"]
[Round "1.122"]
[White "Collins, Sam E."]
[Black "Merry, Alan B"]
[Result "1-0"]
[WhiteTitle "IM"]
[BlackTitle "FM"]
[WhiteElo "2490"]
[BlackElo "2349"]
[WhiteTeam "Barbican 4NCL 1"]
[BlackTeam "The AD's"]
[WhiteFideId "2501198"]
[BlackFideId "418811"]
[EventDate "2014.11.15"]

1. e4 c5 2. Nf3 Nc6 3. d4 cxd4 4. Nxd4 Nf6 5. Nc3 e6 6. Be2 Bb4 7. O-O Bxc3 8.
bxc3 Nxe4 9. Bd3 Nf6 10. Bg5 Qa5 11. f4 Qxc3 12. Nb5 Qc5+ 13. Kh1 Nd4 14. a4
Nxb5 15. axb5 d6 16. Qf3 Nd7 17. Rae1 O-O 18. Qg3 Qc7 19. Bh6 g6 20. f5 exf5 21.
Re7 Qc5 22. Rxf5 Qd4 23. Bxf8 Nxf8 24. Rfxf7 Be6 25. Rxf8+ Rxf8 26. Rxe6 a5 27.
h3 a4 28. Rxd6 Qa1+ 29. Kh2 a3 30. Bc4+ Kh8 31. c3 1-0

[Event "4NCL 2014-15"]
[Site "Hinckley Island ENG"]
[Date "2014.11.15"]
[Round "1.123"]
[White "Wheeler, Darren P"]
[Black "D'Costa, Lorin A R"]
[Result "1/2-1/2"]
[BlackTitle "IM"]
[WhiteElo "2268"]
[BlackElo "2430"]
[WhiteTeam "The AD's"]
[BlackTeam "Barbican 4NCL 1"]
[WhiteFideId "410136"]
[BlackFideId "409219"]
[EventDate "2014.11.15"]

1. e4 c6 2. d4 d5 3. exd5 cxd5 4. c4 Nf6 5. Nc3 Nc6 6. Nf3 Be6 7. c5 g6 8. Bd3
Bg4 9. Be3 Bg7 10. h3 Bxf3 11. Qxf3 O-O 12. Bb5 e5 13. dxe5 Nxe5 14. Qd1 a6 15.
Be2 Nc6 16. Bg5 Qa5 17. O-O Qxc5 18. Bxf6 Bxf6 19. Qxd5 Qb4 20. Rab1 Rad8 21.
Qc4 Rfe8 22. Rfe1 Qxc4 23. Bxc4 Rxe1+ 24. Rxe1 Na5 25. Bb3 Nxb3 26. axb3 Kf8 27.
Kf1 Rd4 28. Re3 Bg5 29. Re4 Rd2 30. Re2 Rd3 31. Rc2 Ke8 32. Ne4 Be7 33. Nc3 Rd4
34. Re2 Kd7 35. Re4 Rd2 36. Re2 Rd3 37. Re3 Rxe3 38. fxe3 Kd6 39. Ke2 Ke5 40.
Kd3 f5 41. Ne2 Bf6 42. b4 Be7 43. b5 axb5 44. Nd4 b4 45. b3 h5 46. Nf3+ Kd5 47.
Nd2 g5 48. e4+ Ke5 49. exf5 Kxf5 50. Ke3 Bc5+ 51. Ke2 Kf4 52. Nf3 b6 53. Ne1 Ke4
54. Nc2 Bd6 55. Kd2 Kf4 56. Ke2 Kg3 57. Kf1 Bc5 58. Ne1 Bd4 59. Nc2 Bc5 60. Ne1
h4 61. Nc2 g4 62. hxg4 Kxg4 63. Ne1 Kf4 64. Ke2 Bd6 65. Nc2 Ke4 66. Kd2 Bf4+ 67.
Ke2 Bd6 68. Kd2 Bf4+ 69. Ke2 Bg5 70. Ne1 Bf6 71. Nc2 Bc3 72. Ne3 b5 73. Nc2 Bf6
74. Kd2 Bg5+ 75. Ke2 Bh6 76. Nxb4 Kd4 77. Kf3 Bf8 78. Nc6+ Kc5 79. Ne5 Be7 80.
Kg4 Bd6 81. Nf3 Kb4 82. Kxh4 Kxb3 83. Nd4+ Kc4 84. Nxb5 Kxb5 1/2-1/2

[Event "4NCL 2014-15"]
[Site "Hinckley Island ENG"]
[Date "2014.11.15"]
[Round "1.124"]
[White "Cox, John J"]
[Black "Snape, Ian L"]
[Result "1-0"]
[WhiteTitle "IM"]
[WhiteElo "2361"]
[BlackElo "2161"]
[WhiteTeam "Barbican 4NCL 1"]
[BlackTeam "The AD's"]
[WhiteFideId "401064"]
[BlackFideId "404489"]
[EventDate "2014.11.15"]

1. c4 Nf6 2. g3 g6 3. Bg2 Bg7 4. Nf3 O-O 5. O-O d6 6. Nc3 Nc6 7. d3 e5 8. Rb1 a5
9. a3 h6 10. b4 axb4 11. axb4 Be6 12. b5 Ne7 13. Qc2 Qd7 14. Rd1 Bh3 15. d4 Bxg2
16. Kxg2 Qe6 17. d5 Qg4 18. b6 Qxc4 19. Nd2 Qg4 20. bxc7 Nexd5 21. Nxd5 Nxd5 22.
Ne4 Qe6 23. Rxb7 f5 24. Nxd6 Qxd6 25. Qc4 Kh8 26. Rxd5 Qf6 27. Bb2 f4 28. f3 Qg5
29. Qe4 Rfe8 30. Rd7 Rac8 31. Rb6 Kh7 32. g4 Rg8 33. Qxe5 Qxe5 34. Bxe5 1-0

[Event "4NCL 2014-15"]
[Site "Hinckley Island ENG"]
[Date "2014.11.15"]
[Round "1.125"]
[White "Swindells, Jonathan E"]
[Black "Griffiths, Ryan Rhys"]
[Result "0-1"]
[BlackTitle "FM"]
[WhiteElo "2137"]
[BlackElo "2348"]
[WhiteTeam "The AD's"]
[BlackTeam "Barbican 4NCL 1"]
[WhiteFideId "421863"]
[BlackFideId "2502054"]
[EventDate "2014.11.15"]

1. e4 c5 2. Nc3 d6 3. f4 g6 4. Nf3 Bg7 5. Bb5+ Bd7 6. Bc4 Nc6 7. O-O e6 8. d3
Nge7 9. Qe1 Nd4 10. Nxd4 cxd4 11. Nd1 b5 12. Bb3 O-O 13. Bd2 Qb6 14. Qh4 Rae8
15. f5 exf5 16. Bg5 Nc6 17. exf5 Bxf5 18. Nf2 Re2 19. Ng4 Bxg4 20. Qxg4 Re5 21.
Bf4 Rh5 22. Bxd6 Ne5 23. Bxe5 Bxe5 24. g3 Qd6 25. Rf2 Kg7 26. Qf3 Rf5 27. Qb7
Rxf2 28. Kxf2 Qb8 29. Qxb8 Rxb8 30. a4 b4 31. Re1 f6 32. Bc4 a5 33. Kf3 h5 34.
h4 Re8 35. Re2 Re7 36. Bd5 f5 37. Kg2 Kf6 38. Bf3 Rg7 39. Kh3 Rg8 40. Bd5 Rc8
41. Kg2 Rc5 42. Bc4 Rc7 43. Kf3 Rg7 44. Rh2 Ke7 45. Re2 Kd6 46. Rh2 Ke7 47. Re2
Kf6 48. Rh2 g5 49. hxg5+ Kxg5 50. Rh1 Kh6 51. Rh3 Re7 52. Bd5 Bd6 53. Kf2 Rc7
54. Bc4 Kg6 55. b3 Kg5 56. Rh1 Rc5 57. Rh3 f4 58. gxf4+ Bxf4 59. Kf3 Re5 60.
Rxh5+ Kxh5 61. Kxf4 Re2 62. Kf5 Kh4 63. Kf4 Kh5 64. Kf5 Kh6 65. Kf6 Rxc2 66. Bd5
Rc3 67. Ke5 Rxd3 68. Ke4 Rd1 69. Bc4 Kg5 70. Bd3 Kf6 71. Kxd4 Ke6 72. Kc4 Kd6
73. Be2 Re1 74. Bh5 Re4+ 75. Kd3 Rf4 76. Ke3 Ke5 77. Bg6 Rg4 78. Bf7 Rg3+ 79.
Kf2 Rh3 80. Ke2 Kd4 81. Kd2 Rh2+ 82. Kc1 Kc3 83. Kb1 Rb2+ 84. Ka1 Rxb3 0-1

[Event "4NCL 2014-15"]
[Site "Hinckley Island ENG"]
[Date "2014.11.15"]
[Round "1.126"]
[White "Chapman, Terry P D"]
[Black "Anderton, David W"]
[Result "1/2-1/2"]
[WhiteTitle "FM"]
[BlackTitle "CM"]
[WhiteElo "2262"]
[BlackElo "2172"]
[WhiteTeam "Barbican 4NCL 2"]
[BlackTeam "The AD's"]
[WhiteFideId "413399"]
[BlackFideId "401668"]
[EventDate "2014.11.15"]

1. Nf3 f5 2. g3 Nf6 3. d4 g6 4. b3 Bg7 5. Bb2 d6 6. Bg2 O-O 7. O-O c6 8. c4 Na6
9. Nbd2 Bd7 10. Qc2 Rb8 11. a3 b5 12. Rac1 b4 13. axb4 Nc7 14. Rfe1 Nh5 15. h3
e6 16. e4 Rc8 17. c5 d5 18. exf5 exf5 19. Ne5 Nf6 20. Re2 a5 21. Nf1 Re8 22.
Rce1 Ne6 23. Kh2 Qc7 24. Nd2 1/2-1/2

[Event "4NCL 2014-15"]
[Site "Hinckley Island ENG"]
[Date "2014.11.15"]
[Round "1.127"]
[White "Bellin, Jana M"]
[Black "Knott, Simon J B"]
[Result "1/2-1/2"]
[WhiteTitle "WGM"]
[BlackTitle "IM"]
[WhiteElo "2090"]
[BlackElo "2316"]
[WhiteTeam "The AD's"]
[BlackTeam "Barbican 4NCL 1"]
[WhiteFideId "402168"]
[BlackFideId "400645"]
[EventDate "2014.11.15"]

1. d4 Nf6 2. Nf3 g6 3. c4 Bg7 4. Nc3 d5 5. cxd5 Nxd5 6. e4 Nxc3 7. bxc3 O-O 8.
Be2 c5 9. O-O Bg4 10. Rb1 Nc6 11. Rxb7 Bxf3 12. Bxf3 cxd4 13. cxd4 Nxd4 14. Bg5
Re8 15. Be3 e5 16. Bxd4 exd4 17. Qb3 Re7 18. Be2 Rc8 19. Rxe7 Qxe7 20. Bc4 Qxe4
21. Bxf7+ Kh8 22. Bd5 Qc2 23. Qxc2 Rxc2 24. Bb3 Rc3 25. Re1 Bf8 26. g3 a5 27.
Re8 Kg7 28. Ra8 Bc5 29. Rxa5 d3 30. Kg2 d2 31. Ba4 Rc4 32. Bb3 Rc3 33. Ba4 Rc4
34. Bb3 Rc3 35. Ba4 1/2-1/2

[Event "4NCL 2014-15"]
[Site "Hinckley Island ENG"]
[Date "2014.11.15"]
[Round "1.128"]
[White "Bhatia, Kanwal K"]
[Black "Stockwell, Mark B"]
[Result "0-1"]
[WhiteTitle "WFM"]
[WhiteElo "2028"]
[BlackElo "2009"]
[WhiteTeam "Barbican 4NCL 1"]
[BlackTeam "The AD's"]
[WhiteFideId "407496"]
[BlackFideId "471054"]
[EventDate "2014.11.15"]

1. e4 c5 2. c3 Nf6 3. e5 Nd5 4. d4 cxd4 5. Nf3 e6 6. cxd4 d6 7. Bc4 Nc6 8. O-O
Be7 9. Re1 O-O 10. Nbd2 Qc7 11. Bb3 dxe5 12. dxe5 Rd8 13. Qe2 Na5 14. Ne4 Nxb3
15. axb3 h6 16. Ng3 Bd7 17. Qe4 Bf8 18. Nh5 Rdc8 19. Nd4 Kh8 20. Bd2 Ne7 21. Bb4
Nf5 22. Bxf8 Rxf8 23. Qg4 Rg8 24. Rad1 Rac8 25. Qf4 Rgd8 26. Nf3 Bc6 27. Rc1 Qe7
28. Rc4 Bxf3 29. Qxf3 Rxc4 30. bxc4 Qb4 31. Rd1 Rxd1+ 32. Qxd1 Qxb2 33. Qd8+ Kh7
34. h3 Qxe5 35. Qf8 Kg6 36. g4 Nh4 37. Qb4 Qa1+ 38. Kh2 Qe5+ 39. Kg1 b6 40. Qb1+
f5 41. Ng3 Qd4 42. Qb5 Qd1+ 43. Kh2 Qf3 44. gxf5+ Kh7 0-1

[Event "4NCL 2014-15"]
[Site "Hinckley Island ENG"]
[Date "2014.11.15"]
[Round "1.131"]
[White "Smerdon, David"]
[Black "Gormally, Daniel W"]
[Result "1-0"]
[WhiteTitle "GM"]
[BlackTitle "GM"]
[WhiteElo "2519"]
[BlackElo "2497"]
[WhiteTeam "Guildford 2"]
[BlackTeam "Blackthorne Russia"]
[WhiteFideId "3202305"]
[BlackFideId "406465"]
[EventDate "2014.11.15"]

1. e4 c5 2. c3 Nf6 3. e5 Nd5 4. Nf3 e6 5. d4 cxd4 6. cxd4 b6 7. Nc3 Bb7 8. Bd3
Na6 9. a3 Be7 10. Ne4 O-O 11. Nfg5 h6 12. Nh7 Kxh7 13. Nd6+ Kg8 14. Nxb7 Qc8 15.
Bxa6 Nc7 16. Bxh6 gxh6 17. Rc1 Qb8 18. Qg4+ Kh8 19. Rc3 Rg8 20. Qh5 Rg7 21. Rh3
Bg5 22. f4 Bxf4 23. O-O Qg8 24. Rxf4 Rxg2+ 25. Kf1 Rg1+ 26. Ke2 Qg2+ 27. Kd3
Rd1+ 28. Qxd1 Qxh3+ 29. Rf3 Qxh2 30. Bc4 f5 31. exf6 d5 32. Bb3 Qxb2 33. Rh3 Kh7
34. Bc2 e5 35. dxe5 Ne6 36. Kd2+ Kg8 37. Qg4+ 1-0

[Event "4NCL 2014-15"]
[Site "Hinckley Island ENG"]
[Date "2014.11.15"]
[Round "1.132"]
[White "Hunt, Adam C"]
[Black "Zhou, Yang-Fan"]
[Result "1/2-1/2"]
[WhiteTitle "IM"]
[BlackTitle "IM"]
[WhiteElo "2437"]
[BlackElo "2461"]
[WhiteTeam "Blackthorne Russia"]
[BlackTeam "Guildford 2"]
[WhiteFideId "403970"]
[BlackFideId "468584"]
[EventDate "2014.11.15"]

1. e4 c5 2. Nf3 Nc6 3. d4 cxd4 4. Nxd4 Nf6 5. Nc3 e5 6. Ndb5 d6 7. Bg5 a6 8. Na3
b5 9. Bxf6 gxf6 10. Nd5 f5 11. Bd3 Be6 12. c3 Bxd5 13. exd5 Ne7 14. Nxb5 Bg7 15.
Na3 O-O 16. O-O e4 17. Bc2 Rc8 18. Bb3 f4 19. Qe1 f5 20. f3 Qb6+ 21. Kh1 e3 22.
g3 fxg3 23. Qxg3 f4 24. Qg4 Ng6 25. Rg1 Rce8 26. h4 Qc7 27. Nc4 Kh8 28. Nxd6
Qxd6 29. h5 Rf6 30. Bc2 Qxd5 31. Rad1 Qxa2 32. hxg6 e2 33. Qh4 h6 34. Rde1 Qxb2
35. Be4 a5 36. Qf2 Qxc3 37. Rxe2 a4 38. Qa7 a3 39. Rh2 Kg8 40. Bd5+ Kf8 41. Rxh6
Re7 42. Qb8+ Re8 43. Qb7 Re7 44. Qb8+ Re8 45. Qb7 1/2-1/2

[Event "4NCL 2014-15"]
[Site "Hinckley Island ENG"]
[Date "2014.11.15"]
[Round "1.133"]
[White "Hebden, Mark L"]
[Black "Ledger, Andrew J"]
[Result "1/2-1/2"]
[WhiteTitle "GM"]
[BlackTitle "IM"]
[WhiteElo "2498"]
[BlackElo "2396"]
[WhiteTeam "Guildford 2"]
[BlackTeam "Blackthorne Russia"]
[WhiteFideId "400084"]
[BlackFideId "400610"]
[EventDate "2014.11.15"]

1. d4 d5 2. Nf3 Nf6 3. c4 c6 4. e3 Bf5 5. Nc3 a6 6. cxd5 cxd5 7. Ne5 Nbd7 8. Qb3
Ra7 9. f3 Nxe5 10. dxe5 Nd7 11. e4 dxe4 12. Be3 b6 13. Bc4 e6 14. fxe4 Bg6 15.
Rd1 Bc5 16. Bxc5 bxc5 17. O-O O-O 18. Bxe6 fxe6 19. Qxe6+ Bf7 20. Rxf7 Rxf7 21.
Qd5 Qh4 22. g3 Qg5 23. e6 Qe3+ 24. Kh1 Qf3+ 1/2-1/2

[Event "4NCL 2014-15"]
[Site "Hinckley Island ENG"]
[Date "2014.11.15"]
[Round "1.134"]
[White "Ansell, Simon T"]
[Black "Sarakauskas, Gediminas"]
[Result "0-1"]
[WhiteTitle "IM"]
[BlackTitle "IM"]
[WhiteElo "2379"]
[BlackElo "2396"]
[WhiteTeam "Blackthorne Russia"]
[BlackTeam "Guildford 2"]
[WhiteFideId "402141"]
[BlackFideId "12800724"]
[EventDate "2014.11.15"]

1. e4 c5 2. Nf3 d6 3. Bb5+ Bd7 4. Bxd7+ Qxd7 5. d4 cxd4 6. Qxd4 Nc6 7. Qd3 g6 8.
O-O Bg7 9. c4 Rc8 10. Na3 Nf6 11. Bd2 Nh5 12. Rab1 O-O 13. Rfe1 Qg4 14. Qe3 h6
15. h3 Qe6 16. Bc3 a6 17. Bxg7 Kxg7 18. b3 Qf6 19. g3 Kh7 20. e5 dxe5 21. Nxe5
Nxe5 22. Qxe5 Qxe5 23. Rxe5 e6 24. Kf1 Rfd8 25. Ke1 Ng7 26. g4 f6 27. Re3 e5 28.
Rd1 Rxd1+ 29. Kxd1 Rd8+ 30. Kc1 Ne6 31. b4 h5 32. gxh5 gxh5 33. Nb1 Rd4 34. Nd2
Kg6 35. Rc3 Rf4 36. f3 Rh4 37. b5 Rxh3 38. bxa6 bxa6 39. c5 Rh1+ 40. Kb2 h4 41.
c6 h3 42. f4 exf4 43. Nf3 h2 44. Ka3 Nc7 45. Rc2 Kf5 46. Nxh2 Ke6 47. Ka4 Kd6
48. Ka5 Rb1 49. a4 Nd5 50. Nf3 Rd1 51. Rc4 Rd3 52. Nd4 f3 53. Kxa6 f2 54. Nb5+
Ke5 55. Rc5 Kf4 56. Rc1 Ke3 57. Kb7 Kd2 58. Rb1 Ke2 59. Rb2+ Ke1 60. c7 Nxc7 61.
Rxf2 Kxf2 62. Kxc7 f5 63. a5 Rd5 64. Kc6 Rd8 65. a6 f4 66. a7 Ke3 67. Kb7 f3 68.
Nc3 f2 69. a8=Q Rxa8 70. Nd1+ Kf3 71. Nxf2 Rd8 0-1

[Event "4NCL 2014-15"]
[Site "Hinckley Island ENG"]
[Date "2014.11.15"]
[Round "1.135"]
[White "Milliet, Sophie"]
[Black "Bates, Richard A"]
[Result "1/2-1/2"]
[WhiteTitle "IM"]
[BlackTitle "IM"]
[WhiteElo "2390"]
[BlackElo "2349"]
[WhiteTeam "Guildford 2"]
[BlackTeam "Blackthorne Russia"]
[WhiteFideId "623725"]
[BlackFideId "403555"]
[EventDate "2014.11.15"]

1. e4 c5 2. Nc3 Nc6 3. Nf3 e5 4. Bc4 Be7 5. d3 Nf6 6. Ng5 O-O 7. O-O h6 8. f4
exf4 9. Nh3 Ne5 10. Nxf4 Nxc4 11. dxc4 d6 12. h3 Nd7 13. b3 Bf6 14. Bd2 Bd4+ 15.
Kh1 Ne5 16. Nfe2 Bg4 17. Qe1 Bxe2 18. Qxe2 Qh4 19. Qe1 Qxe1 20. Rfxe1 Rae8 21.
Rab1 Bxc3 22. Bxc3 f6 23. Bxe5 Rxe5 24. Rbd1 Re6 25. g4 Rfe8 26. Kg2 Rxe4 1/2-1/2